Statistics for Drummer of which band? #3

Click here to take the quiz!

General Stats

  • This quiz has been taken 28 times
  • The average score is 7 of 20

Answer Stats

DrummerBand% Correct
Mick FleetwoodFleetwood Mac
88%
Charlie WattsThe Rolling Stones
85%
Phil CollinsGenesis
81%
Lars UlrichMetallica
77%
Chad SmithRed Hot Chili Peppers
73%
Nick D'VirgilioSpock's Beard
69%
Stewart CopelandThe Police
62%
Travis BarkerBlink-182
54%
Ian PaiceDeep Purple
31%
Igor CavaleraSepultura
23%
Joey CastilloQueens of the Stone Age
12%
Jon TheodoreThe Mars Volta
12%
Ron WeltyThe Offspring
12%
Josh FreeseThe Vandals
12%
Bill BrufordYES
12%
Philip SelwayRadiohead
8%
Josś Pasillas IIIncubus
4%
Sam FogarinoInterpol
4%
Lazare NedlandSolefald
0%
Pasi PasanenSwallow the Sun
0%

Score Distribution

Percentile by Number Answered

Percent of People with Each Score

Your Score History

You have not taken this quiz